<?xml version="1.0" encoding="UTF-8"?>
<record
    xmlns:xsi="http://www.w3.org/2001/XMLSchema-instance"
    xsi:schemaLocation="http://www.loc.gov/MARC21/slim http://www.loc.gov/standards/marcxml/schema/MARC21slim.xsd"
    xmlns="http://www.loc.gov/MARC21/slim">

  <leader>01326nam a2200337 a 4500</leader>
  <controlfield tag="001">C01475310c-1</controlfield>
  <controlfield tag="003">CO-ViMGA</controlfield>
  <controlfield tag="005">20230915233136.0</controlfield>
  <controlfield tag="008">150319s2015    ck a   gr     00010 spa d</controlfield>
  <datafield tag="020" ind1=" " ind2=" ">
    <subfield code="a">9789588843223</subfield>
  </datafield>
  <datafield tag="040" ind1=" " ind2=" ">
    <subfield code="a">CO-ViMGA</subfield>
    <subfield code="b">spa</subfield>
    <subfield code="c">CO-ViMGA</subfield>
  </datafield>
  <datafield tag="082" ind1="0" ind2="4">
    <subfield code="a">618.2</subfield>
    <subfield code="b">B673o</subfield>
    <subfield code="2">19</subfield>
  </datafield>
  <datafield tag="100" ind1="1" ind2=" ">
    <subfield code="a">Botero, Jaime.</subfield>
    <subfield code="9">3661</subfield>
  </datafield>
  <datafield tag="245" ind1="1" ind2="0">
    <subfield code="a">Obstetricia y ginecolog&#xED;a : </subfield>
    <subfield code="b">texto integrado / </subfield>
    <subfield code="c">J. Botero, A. J&#xFA;biz, G. Henao ; correcci&#xF3;n de texto Alejandro Giraldo Cardona, Martha Luc&#xED;a Muriel Herrera, Gloria Elsy Nanclares Quintero [y otro] ; dibujos e ilustraciones Freddy Morales G.</subfield>
  </datafield>
  <datafield tag="250" ind1=" " ind2=" ">
    <subfield code="a">Novena edici&#xF3;n.</subfield>
  </datafield>
  <datafield tag="260" ind1=" " ind2=" ">
    <subfield code="a">Medell&#xED;n : </subfield>
    <subfield code="b">CIB Fondo Editorial : </subfield>
    <subfield code="b">2015.</subfield>
  </datafield>
  <datafield tag="300" ind1=" " ind2=" ">
    <subfield code="a">xxvii, 879 p&#xE1;ginas : </subfield>
    <subfield code="b">ilustraciones, gr&#xE1;ficos ; </subfield>
    <subfield code="c">28 cm.</subfield>
  </datafield>
  <datafield tag="500" ind1=" " ind2=" ">
    <subfield code="a">Incluye &#xED;ndice.</subfield>
  </datafield>
  <datafield tag="650" ind1="1" ind2="4">
    <subfield code="a">Cirug&#xED;a obst&#xE9;trica.</subfield>
    <subfield code="9">3665</subfield>
  </datafield>
  <datafield tag="650" ind1="1" ind2="4">
    <subfield code="a">Ginecolog&#xED;a.</subfield>
    <subfield code="9">3662</subfield>
  </datafield>
  <datafield tag="650" ind1="1" ind2="4">
    <subfield code="a">Mujeres</subfield>
    <subfield code="x"> Enfermedades.</subfield>
    <subfield code="9">3664</subfield>
  </datafield>
  <datafield tag="650" ind1="1" ind2="4">
    <subfield code="a">Obstetricia.</subfield>
    <subfield code="9">3663</subfield>
  </datafield>
  <datafield tag="700" ind1="1" ind2=" ">
    <subfield code="a">Cano Rivera, &#xD3;scar Fernando.</subfield>
    <subfield code="9">3671</subfield>
  </datafield>
  <datafield tag="700" ind1="1" ind2=" ">
    <subfield code="a">Giraldo Cardona, Alejandro.</subfield>
    <subfield code="9">3668</subfield>
  </datafield>
  <datafield tag="700" ind1="1" ind2=" ">
    <subfield code="a">Henao, Guillermo.</subfield>
    <subfield code="9">3666</subfield>
  </datafield>
  <datafield tag="700" ind1="1" ind2=" ">
    <subfield code="a">Londo&#xF1;o, Juan Guillermo.</subfield>
    <subfield code="9">3667</subfield>
  </datafield>
  <datafield tag="700" ind1="1" ind2=" ">
    <subfield code="a">Morales G., Freddy, </subfield>
    <subfield code="e">ilustrador.</subfield>
    <subfield code="9">3672</subfield>
  </datafield>
  <datafield tag="700" ind1="1" ind2=" ">
    <subfield code="a">Muriel Herrera, Martha Luc&#xED;a.</subfield>
    <subfield code="9">3669</subfield>
  </datafield>
  <datafield tag="700" ind1="1" ind2=" ">
    <subfield code="a">Nanclares Quintero, Gloria Elsy.</subfield>
    <subfield code="9">3670</subfield>
  </datafield>
  <datafield tag="942" ind1=" " ind2=" ">
    <subfield code="2">ddc</subfield>
    <subfield code="c">BK</subfield>
  </datafield>
  <datafield tag="999" ind1=" " ind2=" ">
    <subfield code="c">35582</subfield>
    <subfield code="d">35582</subfield>
  </datafield>
  <datafield tag="952" ind1=" " ind2=" ">
    <subfield code="0">0</subfield>
    <subfield code="1">0</subfield>
    <subfield code="2">ddc</subfield>
    <subfield code="4">0</subfield>
    <subfield code="7">0</subfield>
    <subfield code="8">002</subfield>
    <subfield code="a">MEVIECAR</subfield>
    <subfield code="b">MEVIECAR</subfield>
    <subfield code="d">2016-08-12</subfield>
    <subfield code="l">3</subfield>
    <subfield code="m">3</subfield>
    <subfield code="o">618.2 B673o </subfield>
    <subfield code="p">30256</subfield>
    <subfield code="r">2018-04-04 00:00:00</subfield>
    <subfield code="s">2018-02-24</subfield>
    <subfield code="t">Ej. 1</subfield>
    <subfield code="w">2016-08-12</subfield>
    <subfield code="y">BK</subfield>
  </datafield>
</record>
